000 00294nam a2200121Ia 4500
008 240112s1977 xx 000 0 und d
041 _aeng
082 _a616.3403
100 _aSCHWARTZ T.
245 _aTHE YEAR BOOK OF ENDOCRINOLOGY
260 _bTHE Y/B MED. PUB
_c1977
300 _a392,HB
999 _c1142322
_d1142322